=LDR 00000nam 2200000 4500 =001 INLIS000000000810563 =005 20260525030046 =035 ##$$a 0010-0526000017 =007 ta =008 260525###########################0#ind## =245 ##$$a Ensiklopedia Hadits 8 Jilid : $b Sahih Bukhari ,Shahih Muslim,Sunan Abu Daud,Ibnu Majah.Tirmidzi,Nasa'i =260 ##$:$b Al Mahira